[Event "DVM U14 2023"]
[Site "Magdeburg GER"]
[Date "2023.12.29"]
[Round "6"]
[White "Marcziter, Alex"]
[Black "Blodig, Vincent"]
[Result "0-1"]
[Termination "normal"]
[Board "6.1"]
[WhiteElo "1843"]
[BlackElo "1921"]
[WhiteClock "00:08:09"]
[BlackClock "00:35:36"]
[WhiteTeam "SG Porz"]
[BlackTeam "SF Augsburg"]
[PlyCount "108"]
[WhiteFideId "16258126"]
[BlackFideId "16297857"]
[EventCountry "GER"]
[EventRounds "7"]
[EventType "team-swiss"]
[EventDate "2023.12.26"]

1. e4 {[%clk 01:30:57]} {[%emt 00:00:02]} c5 {[%clk 01:30:56]} {[%emt
00:00:05]} 2. Nc3 {[%clk 01:31:09]} {[%emt 00:00:18]} Nc6 {[%clk 01:31:22]}
{[%emt 00:00:04]} 3. g3 {[%clk 01:31:20]} {[%emt 00:00:19]} g6 {[%clk
01:31:46]} {[%emt 00:00:06]} 4. Bg2 {[%clk 01:31:24]} {[%emt 00:00:25]} Bg7
{[%clk 01:32:11]} {[%emt 00:00:06]} 5. d3 {[%clk 01:31:26]} {[%emt 00:00:27]}
d6 {[%clk 01:32:22]} {[%emt 00:00:20]} 6. f4 {[%clk 01:31:10]} {[%emt
00:00:46]} Rb8 {[%clk 01:32:37]} {[%emt 00:00:15]} 7. Nf3 {[%clk 01:30:27]}
{[%emt 00:01:14]} b5 {[%clk 01:32:54]} {[%emt 00:00:12]} 8. O-O {[%clk
01:29:14]} {[%emt 00:01:42]} b4 {[%clk 01:33:19]} {[%emt 00:00:06]} 9. Ne2
{[%clk 01:27:15]} {[%emt 00:02:29]} Nf6 {[%clk 01:33:28]} {[%emt 00:00:21]} 10.
h3 {[%clk 01:25:45]} {[%emt 00:02:00]} O-O {[%clk 01:33:34]} {[%emt 00:00:24]}
11. g4 {[%clk 01:22:42]} {[%emt 00:03:33]} a5 {[%clk 01:33:12]} {[%emt
00:00:52]} 12. f5 {[%clk 01:17:42]} {[%emt 00:05:30]} Ne8 {[%clk 01:32:56]}
{[%emt 00:00:46]} 13. Ng3 {[%clk 01:14:17]} {[%emt 00:03:56]} a4 {[%clk
01:32:41]} {[%emt 00:00:45]} 14. Rb1 {[%clk 01:12:37]} {[%emt 00:02:09]} Nc7
{[%clk 01:31:12]} {[%emt 00:01:58]} 15. Be3 {[%clk 01:09:34]} {[%emt 00:03:33]}
a3 {[%clk 01:30:37]} {[%emt 00:01:05]} 16. bxa3 {[%clk 01:01:24]} {[%emt
00:08:41]} Nb5 {[%clk 01:29:04]} {[%emt 00:02:02]} 17. Qd2 {[%clk 01:01:11]}
{[%emt 00:00:44]} Nxa3 {[%clk 01:28:43]} {[%emt 00:00:51]} 18. Rbd1 {[%clk
01:01:18]} {[%emt 00:00:23]} Nb5 {[%clk 01:27:53]} {[%emt 00:01:19]} 19. Bh6
{[%clk 01:01:05]} {[%emt 00:00:44]} Nc3 {[%clk 01:26:19]} {[%emt 00:02:03]} 20.
Bxg7 {[%clk 01:00:28]} {[%emt 00:01:08]} Kxg7 {[%clk 01:26:38]} {[%emt
00:00:11]} 21. Ra1 {[%clk 00:59:58]} {[%emt 00:01:00]} Nb5 {[%clk 01:21:11]}
{[%emt 00:05:57]} 22. Ne2 {[%clk 00:58:27]} {[%emt 00:02:02]} Bd7 {[%clk
01:19:13]} {[%emt 00:02:28]} 23. Nf4 {[%clk 00:52:54]} {[%emt 00:06:02]} Ra8
{[%clk 01:14:24]} {[%emt 00:05:19]} 24. Nd5 {[%clk 00:51:54]} {[%emt 00:01:29]}
Ra3 {[%clk 01:12:29]} {[%emt 00:02:25]} 25. Nh4 {[%clk 00:48:44]} {[%emt
00:03:41]} Ncd4 {[%clk 01:03:35]} {[%emt 00:09:25]} 26. Nxe7 {[%clk 00:47:00]}
{[%emt 00:02:14]} f6 {[%clk 01:01:42]} {[%emt 00:02:22]} 27. Nd5 {[%clk
00:45:36]} {[%emt 00:01:54]} g5 {[%clk 01:02:01]} {[%emt 00:00:11]} 28. Nf3
{[%clk 00:45:45]} {[%emt 00:00:21]} Bc6 {[%clk 01:01:52]} {[%emt 00:00:39]} 29.
Nxd4 {[%clk 00:41:03]} {[%emt 00:05:12]} Nxd4 {[%clk 01:02:05]} {[%emt
00:00:17]} 30. Ne3 {[%clk 00:37:48]} {[%emt 00:03:45]} Be8 {[%clk 00:56:19]}
{[%emt 00:06:15]} 31. h4 {[%clk 00:35:32]} {[%emt 00:02:46]} h6 {[%clk
00:55:49]} {[%emt 00:01:01]} 32. hxg5 {[%clk 00:35:47]} {[%emt 00:00:15]} hxg5
{[%clk 00:56:08]} {[%emt 00:00:11]} 33. Kf2 {[%clk 00:35:57]} {[%emt 00:00:19]}
Rh8 {[%clk 00:56:02]} {[%emt 00:00:36]} 34. Rh1 {[%clk 00:35:31]} {[%emt
00:00:57]} Rxh1 {[%clk 00:56:16]} {[%emt 00:00:17]} 35. Bxh1 {[%clk 00:33:52]}
{[%emt 00:02:07]} Bf7 {[%clk 00:56:23]} {[%emt 00:00:24]} 36. Bg2 {[%clk
00:32:36]} {[%emt 00:01:46]} Kg8 {[%clk 00:56:11]} {[%emt 00:00:42]} 37. Kg3
{[%clk 00:29:42]} {[%emt 00:03:24]} Qe8 {[%clk 00:55:41]} {[%emt 00:00:59]} 38.
Rf1 {[%clk 00:23:25]} {[%emt 00:06:48]} Rxa2 {[%clk 00:52:09]} {[%emt
00:04:02]} 39. Qd1 {[%clk 00:23:09]} {[%emt 00:00:46]} Qa4 {[%clk 00:50:14]}
{[%emt 00:02:25]} 40. e5 {[%clk 00:21:47]} {[%emt 00:01:52]} dxe5 {[%clk
00:50:12]} {[%emt 00:00:31]} 41. Bd5 {[%clk 00:22:13]} {[%emt 00:00:05]} Bxd5
{[%clk 00:45:54]} {[%emt 00:04:47]} 42. Nxd5 {[%clk 00:21:52]} {[%emt
00:00:51]} Kg7 {[%clk 00:45:24]} {[%emt 00:01:00]} 43. Rf2 {[%clk 00:19:43]}
{[%emt 00:02:38]} Rxc2 {[%clk 00:42:53]} {[%emt 00:03:01]} 44. Nxf6 {[%clk
00:17:23]} {[%emt 00:02:51]} Kxf6 {[%clk 00:38:03]} {[%emt 00:05:21]} 45. Qh1
{[%clk 00:16:20]} {[%emt 00:01:32]} Rxf2 {[%clk 00:35:41]} {[%emt 00:02:52]}
46. Qh6+ {[%clk 00:10:41]} {[%emt 00:06:10]} Ke7 {[%clk 00:35:14]} {[%emt
00:00:56]} 47. Qg7+ {[%clk 00:10:54]} {[%emt 00:00:17]} Kd8 {[%clk 00:35:21]}
{[%emt 00:00:22]} 48. Qf8+ {[%clk 00:09:45]} {[%emt 00:01:40]} Qe8 {[%clk
00:35:19]} {[%emt 00:00:31]} 49. Qd6+ {[%clk 00:09:59]} {[%emt 00:00:17]} Qd7
{[%clk 00:34:57]} {[%emt 00:00:52]} 50. Qb8+ {[%clk 00:07:50]} {[%emt
00:02:39]} Ke7 {[%clk 00:34:37]} {[%emt 00:00:50]} 51. Qxe5+ {[%clk 00:07:56]}
{[%emt 00:00:24]} Kf7 {[%clk 00:34:55]} {[%emt 00:00:12]} 52. Kxf2 {[%clk
00:08:23]} {[%emt 00:00:04]} Nc6 {[%clk 00:35:04]} {[%emt 00:00:22]} 53. Qh2
{[%clk 00:07:49]} {[%emt 00:01:03]} Qd4+ {[%clk 00:35:13]} {[%emt 00:00:20]}
54. Ke1 {[%clk 00:08:09]} {[%emt 00:00:10]} Qa1+ {[%clk 00:35:36]} {[%emt
00:00:08]} 0-1

[Event "DVM U14 2023"]
[Site "Magdeburg GER"]
[Date "2023.12.29"]
[Round "6"]
[White "Schrimpf, Michael"]
[Black "Burlutskaia, Maria"]
[Result "1-0"]
[Termination "normal"]
[Board "6.2"]
[WhiteElo "1513"]
[BlackElo "1771"]
[WhiteClock "00:52:18"]
[BlackClock "00:57:28"]
[WhiteTeam "SF Augsburg"]
[BlackTeam "SG Porz"]
[PlyCount "45"]
[WhiteFideId "1676237"]
[BlackFideId "34607137"]
[EventCountry "GER"]
[EventRounds "7"]
[EventType "team-swiss"]
[EventDate "2023.12.26"]

1. e4 {[%clk 01:30:58]} {[%emt 00:00:01]} e5 {[%clk 01:30:57]} {[%emt
00:00:04]} 2. Nf3 {[%clk 01:31:21]} {[%emt 00:00:06]} Nc6 {[%clk 01:31:24]}
{[%emt 00:00:04]} 3. Bc4 {[%clk 01:31:47]} {[%emt 00:00:05]} Nf6 {[%clk
01:31:50]} {[%emt 00:00:03]} 4. Ng5 {[%clk 01:32:13]} {[%emt 00:00:04]} d5
{[%clk 01:32:16]} {[%emt 00:00:04]} 5. exd5 {[%clk 01:32:39]} {[%emt 00:00:04]}
Na5 {[%clk 01:32:43]} {[%emt 00:00:03]} 6. Bb5+ {[%clk 01:33:02]} {[%emt
00:00:07]} c6 {[%clk 01:33:10]} {[%emt 00:00:02]} 7. dxc6 {[%clk 01:33:27]}
{[%emt 00:00:05]} bxc6 {[%clk 01:33:37]} {[%emt 00:00:03]} 8. Bd3 {[%clk
01:33:51]} {[%emt 00:00:06]} Be7 {[%clk 01:33:38]} {[%emt 00:00:29]} 9. O-O
{[%clk 01:32:11]} {[%emt 00:02:08]} Nd5 {[%clk 01:33:47]} {[%emt 00:00:22]} 10.
Nf3 {[%clk 01:30:53]} {[%emt 00:01:49]} f6 {[%clk 01:29:11]} {[%emt 00:05:06]}
11. Nc3 {[%clk 01:25:47]} {[%emt 00:05:36]} Nf4 {[%clk 01:28:58]} {[%emt
00:00:43]} 12. Be2 {[%clk 01:25:07]} {[%emt 00:01:10]} O-O {[%clk 01:24:59]}
{[%emt 00:04:30]} 13. d3 {[%clk 01:23:55]} {[%emt 00:01:41]} Ng6 {[%clk
01:20:53]} {[%emt 00:04:36]} 14. Re1 {[%clk 01:15:00]} {[%emt 00:09:24]} Nb7
{[%clk 01:15:07]} {[%emt 00:06:17]} 15. Bf1 {[%clk 01:11:19]} {[%emt 00:04:11]}
h5 {[%clk 01:09:27]} {[%emt 00:06:09]} 16. d4 {[%clk 01:06:34]} {[%emt
00:05:15]} Bg4 {[%clk 01:06:59]} {[%emt 00:02:59]} 17. h3 {[%clk 00:57:43]}
{[%emt 00:09:21]} Bxf3 {[%clk 00:57:49]} {[%emt 00:09:40]} 18. Qxf3 {[%clk
00:58:01]} {[%emt 00:00:12]} exd4 {[%clk 00:58:14]} {[%emt 00:00:05]} 19. Qxh5
{[%clk 00:54:34]} {[%emt 00:03:57]} Ne5 {[%clk 00:58:30]} {[%emt 00:00:14]} 20.
Rxe5 {[%clk 00:52:36]} {[%emt 00:02:28]} fxe5 {[%clk 00:56:55]} {[%emt
00:02:06]} 21. Bc4+ {[%clk 00:51:32]} {[%emt 00:01:34]} Rf7 {[%clk 00:57:06]}
{[%emt 00:00:19]} 22. Qxf7+ {[%clk 00:51:55]} {[%emt 00:00:07]} Kh8 {[%clk
00:57:28]} {[%emt 00:00:08]} 23. Qh5# {[%clk 00:52:18]} {[%emt 00:00:07]} 1-0

[Event "DVM U14 2023"]
[Site "Magdeburg GER"]
[Date "2023.12.29"]
[Round "6"]
[White "Blomer, Moritz"]
[Black "Rempel, Alexander"]
[Result "1/2-1/2"]
[Termination "normal"]
[Board "6.3"]
[WhiteElo "1761"]
[BlackElo "1659"]
[WhiteClock "00:10:21"]
[BlackClock "00:27:35"]
[WhiteTeam "SG Porz"]
[BlackTeam "SF Augsburg"]
[PlyCount "70"]
[WhiteFideId "34608370"]
[BlackFideId "34618600"]
[EventCountry "GER"]
[EventRounds "7"]
[EventType "team-swiss"]
[EventDate "2023.12.26"]

1. Nf3 {[%clk 01:30:56]} {[%emt 00:00:03]} d5 {[%clk 01:30:55]} {[%emt
00:00:07]} 2. g3 {[%clk 01:31:20]} {[%emt 00:00:04]} Nd7 {[%clk 01:31:19]}
{[%emt 00:00:06]} 3. d4 {[%clk 01:31:42]} {[%emt 00:00:08]} Ngf6 {[%clk
01:31:41]} {[%emt 00:00:08]} 4. Bg2 {[%clk 01:32:05]} {[%emt 00:00:08]} b5
{[%clk 01:31:54]} {[%emt 00:00:19]} 5. Ne5 {[%clk 01:29:38]} {[%emt 00:02:54]}
Bb7 {[%clk 01:27:29]} {[%emt 00:04:55]} 6. c4 {[%clk 01:15:18]} {[%emt
00:14:51]} bxc4 {[%clk 01:24:26]} {[%emt 00:03:33]} 7. Nxc4 {[%clk 01:15:07]}
{[%emt 00:00:41]} c5 {[%clk 01:24:13]} {[%emt 00:00:42]} 8. Nc3 {[%clk
01:06:00]} {[%emt 00:09:37]} cxd4 {[%clk 01:12:45]} {[%emt 00:11:59]} 9. Qxd4
{[%clk 01:05:56]} {[%emt 00:00:33]} e6 {[%clk 01:13:08]} {[%emt 00:00:07]} 10.
Bf4 {[%clk 01:05:05]} {[%emt 00:01:21]} Bc5 {[%clk 01:06:16]} {[%emt 00:07:22]}
11. Nd6+ {[%clk 01:04:07]} {[%emt 00:01:27]} Ke7 {[%clk 01:06:36]} {[%emt
00:00:11]} 12. Nxb7 {[%clk 01:03:56]} {[%emt 00:00:41]} Bxd4 {[%clk 01:06:56]}
{[%emt 00:00:10]} 13. Bd6+ {[%clk 00:59:07]} {[%emt 00:05:19]} Ke8 {[%clk
01:07:23]} {[%emt 00:00:02]} 14. Nxd8 {[%clk 00:59:26]} {[%emt 00:00:11]} Kxd8
{[%clk 01:04:16]} {[%emt 00:03:37]} 15. Rc1 {[%clk 00:50:27]} {[%emt 00:09:29]}
Ne8 {[%clk 00:54:40]} {[%emt 00:10:06]} 16. Ba3 {[%clk 00:49:12]} {[%emt
00:01:45]} Rc8 {[%clk 00:53:35]} {[%emt 00:01:35]} 17. e3 {[%clk 00:46:15]}
{[%emt 00:03:27]} Bxc3+ {[%clk 00:53:39]} {[%emt 00:00:27]} 18. Rxc3 {[%clk
00:46:31]} {[%emt 00:00:15]} Rxc3 {[%clk 00:54:06]} {[%emt 00:00:02]} 19. bxc3
{[%clk 00:46:51]} {[%emt 00:00:10]} Nb6 {[%clk 00:51:09]} {[%emt 00:03:27]} 20.
Ke2 {[%clk 00:39:40]} {[%emt 00:07:40]} Nf6 {[%clk 00:49:50]} {[%emt 00:01:50]}
21. Bc5 {[%clk 00:36:42]} {[%emt 00:03:28]} Kc7 {[%clk 00:49:28]} {[%emt
00:00:52]} 22. Bd4 {[%clk 00:34:18]} {[%emt 00:02:53]} Rc8 {[%clk 00:48:12]}
{[%emt 00:01:47]} 23. Rb1 {[%clk 00:33:10]} {[%emt 00:01:38]} Nc4 {[%clk
00:46:01]} {[%emt 00:02:41]} 24. f4 {[%clk 00:30:03]} {[%emt 00:03:37]} Nd6
{[%clk 00:38:10]} {[%emt 00:08:21]} 25. h3 {[%clk 00:22:16]} {[%emt 00:08:17]}
Nfe4 {[%clk 00:36:46]} {[%emt 00:01:54]} 26. g4 {[%clk 00:21:33]} {[%emt
00:01:14]} f6 {[%clk 00:37:01]} {[%emt 00:00:14]} 27. Bxe4 {[%clk 00:20:51]}
{[%emt 00:01:12]} Nxe4 {[%clk 00:37:07]} {[%emt 00:00:24]} 28. Rb2 {[%clk
00:19:49]} {[%emt 00:01:30]} Rb8 {[%clk 00:37:29]} {[%emt 00:00:10]} 29. Rb3
{[%clk 00:18:51]} {[%emt 00:01:28]} a6 {[%clk 00:37:06]} {[%emt 00:00:53]} 30.
h4 {[%clk 00:18:26]} {[%emt 00:00:55]} h6 {[%clk 00:34:43]} {[%emt 00:02:53]}
31. Rxb8 {[%clk 00:13:10]} {[%emt 00:05:45]} Kxb8 {[%emt 00:00:03]} 32. Kf3
{[%clk 00:13:23]} {[%emt 00:00:17]} Kc7 {[%clk 00:34:44]} {[%emt 00:00:57]} 33.
g5 {[%clk 00:11:38]} {[%emt 00:02:15]} h5 {[%clk 00:33:07]} {[%emt 00:02:08]}
34. gxf6 {[%clk 00:11:06]} {[%emt 00:01:01]} gxf6 {[%clk 00:31:57]} {[%emt
00:01:40]} 35. Ke2 {[%clk 00:10:21]} {[%emt 00:01:16]} Kd6 {[%clk 00:27:35]}
{[%emt 00:04:52]} 1/2-1/2

[Event "DVM U14 2023"]
[Site "Magdeburg GER"]
[Date "2023.12.29"]
[Round "6"]
[White "Steinberger, Michael"]
[Black "Mohebbi, Sam"]
[Result "0-1"]
[Termination "normal"]
[Board "6.4"]
[WhiteElo "1629"]
[BlackElo "1567"]
[WhiteClock "00:19:12"]
[BlackClock "00:53:49"]
[WhiteTeam "SF Augsburg"]
[BlackTeam "SG Porz"]
[PlyCount "112"]
[WhiteFideId "34622373"]
[BlackFideId "34607293"]
[EventCountry "GER"]
[EventRounds "7"]
[EventType "team-swiss"]
[EventDate "2023.12.26"]

1. e4 {[%clk 01:30:59]} e6 {[%clk 01:30:46]} {[%emt 00:00:15]} 2. d4 {[%clk
01:31:25]} {[%emt 00:00:04]} d5 {[%clk 01:30:59]} {[%emt 00:00:17]} 3. e5
{[%clk 01:31:50]} {[%emt 00:00:05]} c5 {[%clk 01:31:11]} {[%emt 00:00:17]} 4.
c3 {[%clk 01:32:16]} {[%emt 00:00:05]} Qb6 {[%clk 01:30:56]} {[%emt 00:00:46]}
5. Nf3 {[%clk 01:32:40]} {[%emt 00:00:05]} Bd7 {[%clk 01:31:12]} {[%emt
00:00:13]} 6. Be2 {[%clk 01:29:46]} {[%emt 00:03:24]} Bb5 {[%clk 01:31:02]}
{[%emt 00:00:41]} 7. O-O {[%emt 00:04:41]} Bxe2 {[%clk 01:31:14]} {[%emt
00:00:01]} 8. Qxe2 {[%clk 01:26:16]} {[%emt 00:00:06]} Nc6 {[%clk 01:31:32]}
{[%emt 00:00:12]} 9. Qd3 {[%clk 01:23:23]} {[%emt 00:03:23]} cxd4 {[%clk
01:27:47]} {[%emt 00:04:14]} 10. cxd4 {[%clk 01:23:34]} {[%emt 00:00:19]} Nge7
{[%clk 01:28:07]} {[%emt 00:00:10]} 11. Rd1 {[%clk 01:16:44]} {[%emt 00:07:19]}
Nf5 {[%clk 01:21:32]} {[%emt 00:07:04]} 12. a3 {[%clk 01:10:46]} {[%emt
00:06:29]} Be7 {[%clk 01:16:10]} {[%emt 00:05:51]} 13. b4 {[%clk 01:09:00]}
{[%emt 00:02:18]} O-O {[%clk 01:15:59]} {[%emt 00:00:40]} 14. Nc3 {[%clk
01:05:44]} {[%emt 00:03:46]} Rac8 {[%clk 01:04:57]} {[%emt 00:11:32]} 15. Na4
{[%clk 00:54:00]} {[%emt 00:12:14]} Qd8 {[%clk 01:04:11]} {[%emt 00:01:17]} 16.
Bb2 {[%clk 00:52:09]} {[%emt 00:02:22]} b6 {[%clk 00:58:03]} {[%emt 00:06:37]}
17. Rac1 {[%clk 00:51:20]} {[%emt 00:01:19]} Qd7 {[%clk 00:56:12]} {[%emt
00:02:20]} 18. Nc3 {[%clk 00:49:31]} {[%emt 00:02:19]} Rfd8 {[%clk 00:50:14]}
{[%emt 00:06:28]} 19. Ne2 {[%clk 00:45:08]} {[%emt 00:04:53]} h6 {[%clk
00:47:36]} {[%emt 00:03:08]} 20. Qb3 {[%clk 00:41:29]} {[%emt 00:04:10]} Qb7
{[%clk 00:42:15]} {[%emt 00:05:49]} 21. Rc2 {[%clk 00:40:49]} {[%emt 00:01:11]}
Rd7 {[%clk 00:39:41]} {[%emt 00:03:04]} 22. Rdc1 {[%clk 00:39:28]} {[%emt
00:01:52]} Rdc7 {[%clk 00:38:45]} {[%emt 00:01:26]} 23. Ng3 {[%clk 00:33:41]}
{[%emt 00:06:16]} Nxg3 {[%clk 00:38:00]} {[%emt 00:01:15]} 24. hxg3 {[%clk
00:34:05]} {[%emt 00:00:06]} Bf8 {[%clk 00:36:59]} {[%emt 00:01:31]} 25. Rc3
{[%clk 00:33:01]} {[%emt 00:01:34]} a6 {[%clk 00:35:08]} {[%emt 00:02:21]} 26.
g4 {[%clk 00:26:25]} {[%emt 00:07:06]} Be7 {[%clk 00:35:10]} {[%emt 00:00:28]}
27. R3c2 {[%clk 00:25:21]} {[%emt 00:01:34]} b5 {[%clk 00:32:41]} {[%emt
00:03:00]} 28. Bc3 {[%clk 00:19:28]} {[%emt 00:06:23]} Qb6 {[%clk 00:30:52]}
{[%emt 00:02:18]} 29. Qb2 {[%clk 00:16:20]} {[%emt 00:03:38]} Na7 {[%clk
00:28:16]} {[%emt 00:03:06]} 30. Bd2 {[%clk 00:12:30]} {[%emt 00:04:20]} Rc4
{[%clk 00:27:40]} {[%emt 00:01:07]} 31. Be3 {[%clk 00:11:05]} {[%emt 00:01:55]}
Qc6 {[%clk 00:27:23]} {[%emt 00:00:46]} 32. Rxc4 {[%clk 00:10:01]} {[%emt
00:01:34]} bxc4 {[%clk 00:27:34]} {[%emt 00:00:19]} 33. Ne1 {[%clk 00:08:51]}
{[%emt 00:01:40]} Rb8 {[%clk 00:25:46]} {[%emt 00:02:18]} 34. Qa2 {[%clk
00:06:06]} {[%emt 00:03:15]} Qa4 {[%clk 00:24:07]} {[%emt 00:02:08]} 35. Nc2
{[%clk 00:02:31]} {[%emt 00:04:06]} Nb5 {[%clk 00:24:05]} {[%emt 00:00:32]} 36.
Bd2 {[%clk 00:01:59]} {[%emt 00:01:02]} Qb3 {[%clk 00:23:15]} {[%emt 00:01:19]}
37. Qb1 {[%clk 00:01:20]} {[%emt 00:01:09]} Qd3 {[%clk 00:23:22]} {[%emt
00:00:23]} 38. Be3 {[%clk 00:00:51]} {[%emt 00:00:59]} Nxa3 {[%clk 00:23:37]}
{[%emt 00:00:15]} 39. Nxa3 {[%clk 00:00:40]} {[%emt 00:00:42]} Qxa3 {[%clk
00:24:01]} {[%emt 00:00:05]} 40. Rc2 {[%clk 00:00:31]} {[%emt 00:00:40]} Rxb4
{[%emt 00:01:16]} 41. Qd1 {[%clk 00:30:00]} Rb2 {[%clk 00:54:10]} {[%emt
00:00:34]} 42. Bc1 {[%clk 00:29:48]} {[%emt 00:00:42]} Rb1 {[%clk 00:54:17]}
{[%emt 00:00:23]} 43. Qd2 {[%clk 00:19:22]} {[%emt 00:10:56]} Qd3 {[%clk
00:53:22]} {[%emt 00:01:25]} 44. Kh2 {[%clk 00:18:39]} {[%emt 00:01:13]} Qxd2
{[%clk 00:52:37]} {[%emt 00:01:15]} 45. Bxd2 {[%clk 00:19:02]} {[%emt
00:00:07]} f6 {[%clk 00:52:07]} {[%emt 00:00:59]} 46. Kg3 {[%clk 00:18:32]}
{[%emt 00:01:01]} Rb3+ {[%clk 00:52:13]} {[%emt 00:00:25]} 47. f3 {[%clk
00:18:21]} {[%emt 00:00:40]} Bb4 {[%clk 00:51:34]} {[%emt 00:01:08]} 48. Bxb4
{[%clk 00:17:48]} {[%emt 00:01:04]} Rxb4 {[%clk 00:51:57]} {[%emt 00:00:07]}
49. exf6 {[%clk 00:18:10]} {[%emt 00:00:09]} gxf6 {[%clk 00:52:14]} {[%emt
00:00:13]} 50. Kf2 {[%clk 00:18:00]} {[%emt 00:00:39]} a5 {[%clk 00:52:27]}
{[%emt 00:00:17]} 51. Ke2 {[%clk 00:18:09]} {[%emt 00:00:22]} a4 {[%clk
00:52:34]} {[%emt 00:00:24]} 52. Ra2 {[%clk 00:18:27]} {[%emt 00:00:11]} e5
{[%clk 00:52:43]} {[%emt 00:00:20]} 53. dxe5 {[%clk 00:18:32]} {[%emt
00:00:26]} fxe5 {[%clk 00:53:05]} {[%emt 00:00:08]} 54. g3 {[%clk 00:18:46]}
{[%emt 00:00:16]} d4 {[%clk 00:53:18]} {[%emt 00:00:17]} 55. f4 {[%clk
00:18:52]} {[%emt 00:00:24]} e4 {[%clk 00:53:37]} {[%emt 00:00:11]} 56. f5
{[%clk 00:19:12]} {[%emt 00:00:10]} c3 {[%clk 00:53:49]} {[%emt 00:00:18]} *